Normal view
MARC view
- Synthesis of highway practice,
Entry Uniform Title
001 - CONTROL NUMBER
- control field: 21977
003 - CONTROL NUMBER IDENTIFIER
- control field: NUST
005 - DATE AND TIME OF LATEST TRANSACTION
- control field: 20190930103716.0
008 - FIXED-LENGTH DATA ELEMENTS
- fixed length control field: 190930|| aca||aabn | a|a d
040 ## - CATALOGING SOURCE
- Original cataloging agency: NUST
- Transcribing agency: NUST
130 ## - HEADING--UNIFORM TITLE
- Uniform title: Synthesis of highway practice,
- General subdivision: 0547-5570 ;
- Form subdivision: 182
670 ## - SOURCE DATA FOUND
- Source citation: Work cat.: (NUST)0: Michie, Jarvis Dale. 21976, Performance and operational experience of truck-mounted attenuators /, 1992.
